Most Expensive Cat Breeds - Statistics

General Stats
  • This quiz has been taken 8 times
  • The average score is 3 of 12
Answer Stats
Average Cost Answer % Correct
$2,500–$6,000 Bengal
60%
$1,300–$5,000 Persian
60%
$1,000–$2,000 Maine Coon
40%
$1,500–$3,000 Ragdoll
40%
$1,500–$3,000 Russian Blue
40%
$1,500–$3,000 British Shorthair
20%
$2,500-$5,000 Devon Rex
20%
$2,000–$5,000 Sphynx
20%
$1,500–$5,000 Toyger
20%
$2,800–$3,500 Himalayan
0%
$1,000–$2,600 Peterbald
0%
$1,500–$2,500 Scottish Fold
0%
No matching quizzes found
Score Distribution
Percent of People with Each Score
Percentile by Number Answered
Your Score History
You have not taken this quiz